Dược điển Việt Nam = Pharmacopoeia Vietnamica Tập 1
Dược điển Việt Nam xuất bản lần thứ 5 có 228 chuyên mục chung, 485 nguyên liệu hóa học, 385 thành phẩm hóa dược, 372 dược liệu và thuốc từ dược liệu, 41 vắc xin và sinh phẩm y tế, 8 bao bì và nguyên liệu sản xuất bao bì. Với nội dung ta...
Na minha lista:
| Formato: | Livro |
|---|---|
| Idioma: | Vietnamese |
| Publicado em: |
H.
Y học
2018
|
| Edição: | Lần xuất bản thứ 5 (tái bản lần thứ 1) |
| Assuntos: | |
| Tags: |
Adicionar Tag
Sem tags, seja o primeiro a adicionar uma tag!
|
| Thư viện lưu trữ: | Thư viện Trường Đại học Nam Cần Thơ |
|---|
| LEADER | 01863nam a22002417a 4500 | ||
|---|---|---|---|
| 001 | NCT_63065 | ||
| 008 | 190410b xxu||||| |||| 00| 0 vie d | ||
| 999 | |c 3051 |d 3051 | ||
| 020 | |a 9786046632016 |c 520000 | ||
| 082 | 0 | 4 | |2 23rd ed. |a 615 |b D557Đ/T.1 |
| 245 | 1 | 0 | |a Dược điển Việt Nam = |b Pharmacopoeia Vietnamica |n Tập 1 |c Bộ Y tế |
| 250 | |a Lần xuất bản thứ 5 (tái bản lần thứ 1) | ||
| 260 | |a H. |b Y học |c 2018 | ||
| 300 | |a XLIX, 986 tr., ML-35 |c 27cm | ||
| 520 | 3 | |a Dược điển Việt Nam xuất bản lần thứ 5 có 228 chuyên mục chung, 485 nguyên liệu hóa học, 385 thành phẩm hóa dược, 372 dược liệu và thuốc từ dược liệu, 41 vắc xin và sinh phẩm y tế, 8 bao bì và nguyên liệu sản xuất bao bì. Với nội dung tăng lên đương với khoảng 2200 trang sách. | |
| 653 | |a Dược học | ||
| 942 | |2 ddc |c BK | ||
| 952 | |0 0 |1 0 |2 ddc |4 0 |6 615_000000000000000_D557Đ_T_1 |7 0 |9 16546 |a 000001 |b 000001 |d 2019-04-10 |o 615 D557Đ/T.1 |p MD.15180 |r 2019-04-10 |v 520000.00 |w 2019-04-10 |y BK | ||
| 952 | |0 0 |1 0 |2 ddc |4 0 |6 615_000000000000000_D557Đ_T_1 |7 0 |9 16547 |a 000001 |b 000001 |d 2019-04-10 |o 615 D557Đ/T.1 |p MD.15181 |r 2019-04-10 |v 520000.00 |w 2019-04-10 |y BK | ||
| 952 | |0 0 |1 0 |2 ddc |4 0 |6 615_000000000000000_D557Đ_T_1 |7 0 |9 16548 |a 000001 |b 000001 |d 2019-04-10 |o 615 D557Đ/T.1 |p MD.15182 |r 2019-04-10 |v 520000.00 |w 2019-04-10 |y BK | ||
| 952 | |0 0 |1 0 |2 ddc |4 0 |6 615_000000000000000_D557Đ_T_1 |7 0 |9 16549 |a 000001 |b 000001 |d 2019-04-10 |o 615 D557Đ/T.1 |p MD.15183 |r 2019-04-10 |v 520000.00 |w 2019-04-10 |y BK | ||
| 952 | |0 0 |1 0 |2 ddc |4 0 |6 615_000000000000000_D557Đ_T_1 |7 0 |9 16550 |a 000001 |b 000001 |d 2019-04-10 |o 615 D557Đ/T.1 |p MD.15184 |r 2019-04-10 |v 520000.00 |w 2019-04-10 |y BK | ||
| 980 | |a Thư viện Trường Đại học Nam Cần Thơ | ||


